[Event "Olimpiade 2022 - Open"]
[Site "Chennai"]
[Date "05.08.2022"]
[Round "7.4"]
[Board "4"]
[White "Kollars, Dmitrij"]
[Black "Ivanisevic, Ivan"]
[Result "1-0"]
[WhiteTitle "GM"]
[BlackTitle "GM"]
[WhiteElo "2648"]
[BlackElo "2561"]
[WhiteTeam "Germany"]
[BlackTeam "Serbia"]
[WhiteFideId "12909572"]
[BlackFideId "912417"]
[EventDate "2022.07.29"]

1. e4 e5 2. Nf3 Nc6 3. Bb5 a6 4. Ba4 Nf6 5. O-O Be7 6. Re1 b5 7. Bb3 O-O 8. a4
Na5 9. axb5 Nxb3 10. cxb3 Bb7 11. bxa6 Bxe4 12. Nc3 Bd3 13. Nxe5 Bxa6 14. d4 Re8
15. Bg5 h6 16. Bh4 Bb7 17. Rxa8 Bxa8 18. h3 g5 19. Bg3 Bf8 20. Re3 d6 21. Nc4
Nd5 22. Nxd5 Bxd5 23. Qd3 Bg7 24. f3 Rf8 25. Re2 f5 26. Ne3 Be6 27. d5 Bd7 28.
Be1 f4 29. Ng4 Bf5 30. Qc4 h5 31. Nf2 Qd7 32. Bc3 Bxc3 33. bxc3 Qg7 34. Re1 Kh7
35. b4 Rf7 36. Re8 Re7 37. Rxe7 Qxe7 38. Kf1 Kg6 39. Qd4 Qe8 40. h4 gxh4 41.
Qxf4 Qb5+ 42. Kg1 Qxd5 43. Qxh4 Qe5 44. Ne4 Bd7 45. Kf2 Bc6 46. Ke3 Bd5 47. Qf4
Qe7 48. g4 hxg4 49. Qxg4+ Kh6 50. Qf5 Bf7 51. Kf4 Qh4+ 52. Qg4 Qh2+ 53. Ke3 Qe5
54. f4 Qe7 55. Qg5+ Qxg5 56. Nxg5 Bg8 57. Nf3 Be6 58. Nd4 Bd7 59. Ke4 Kh5 60.
Kd5 Ba4 61. b5 Kg4 62. f5 Kg5 63. Ke4 1-0

[Event "Olimpiade 2022 - Open"]
[Site "Chennai"]
[Date "05.08.2022"]
[Round "7.5"]
[Board "1"]
[White "Albornoz Cabrera, Carlos Daniel"]
[Black "Gukesh, D"]
[Result "0-1"]
[WhiteTitle "GM"]
[BlackTitle "GM"]
[WhiteElo "2566"]
[BlackElo "2684"]
[WhiteTeam "Cuba"]
[BlackTeam "India 2"]
[WhiteFideId "3518736"]
[BlackFideId "46616543"]
[EventDate "2022.07.29"]

1. e4 c5 2. Nf3 Nc6 3. c3 d5 4. exd5 Qxd5 5. d4 Nf6 6. dxc5 Qxd1+ 7. Kxd1 e6 8.
b4 a5 9. b5 Ne7 10. Ne5 Ng6 11. Nxg6 hxg6 12. Be3 Ng4 13. c6 bxc6 14. bxc6 Nxe3+
15. fxe3 Ba6 16. Nd2 Bxf1 17. Nxf1 Rh5 18. Ng3 Re5 19. Re1 Bd6 20. Rb1 Ra6 21.
Kc2 Rxc6 22. e4 Rc7 23. Re3 Ke7 24. Rd3 Rec5 25. Ne2 Be5 26. g3 Rc4 27. Re3 Bd6
28. Kd3 Ra4 29. Nc1 g5 30. Rb5 f6 31. Kc2 Be5 32. Kb3 Rac4 33. Ne2 a4+ 34. Kc2
g4 35. Rb6 g5 36. Ra6 Bd6 37. Kd3 a3 38. e5 fxe5 39. Ra5 Kf6 40. Rb5 Kf5 41.
Nd4+ Kf6 42. Ne2 Ra4 43. Nc1 e4+ 44. Kc2 Rac4 45. Kb3 Bf4 46. gxf4 0-1

[Event "Olimpiade 2022 - Open"]
[Site "Chennai"]
[Date "05.08.2022"]
[Round "7.5"]
[Board "2"]
[White "Nihal, Sarin"]
[Black "Quesada Perez, Luis Ernesto"]
[Result "1-0"]
[WhiteTitle "GM"]
[BlackTitle "GM"]
[WhiteElo "2651"]
[BlackElo "2549"]
[WhiteTeam "India 2"]
[BlackTeam "Cuba"]
[WhiteFideId "25092340"]
[BlackFideId "3520773"]
[EventDate "2022.07.29"]

1. d4 d5 2. c4 c6 3. Nf3 Nf6 4. Nc3 dxc4 5. a4 Bf5 6. Ne5 Nbd7 7. Nxc4 Qc7 8. g3
e5 9. dxe5 Nxe5 10. Bf4 Nfd7 11. Bg2 f6 12. Rc1 g5 13. Nxe5 gxf4 14. Nxd7 Qxd7
15. Qxd7+ Bxd7 16. gxf4 O-O-O 17. e3 Be6 18. Ke2 Bb4 19. Be4 Bb3 20. Rhg1 Kb8
21. Rg7 h5 22. Bd3 a5 23. Ne4 Rhf8 24. Bc4 Bxc4+ 25. Rxc4 f5 26. Nc5 Rd2+ 27.
Kf3 Bxc5 28. Rxc5 Rxb2 29. Rxa5 h4 30. h3 Ra2 31. Rd7 Rc8 32. Rh7 Ra1 33. Rf7
Ra2 34. Rh7 Ra1 35. Rg7 Ra3 36. Rd7 Ra2 37. Re7 Ra3 38. Rxf5 Rxa4 39. Rff7 Rb4
40. Re4 Rb2 41. f5 c5 42. Rfe7 Rb6 43. R7e6 Rcc6 44. Rxc6 Rxc6 45. Re6 Rxe6 46.
fxe6 Kc7 47. Ke4 Kd6 48. e7 Kxe7 49. Kd5 b6 50. f4 Kf7 51. e4 Ke7 52. e5 1-0

[Event "Olimpiade 2022 - Open"]
[Site "Chennai"]
[Date "05.08.2022"]
[Round "7.5"]
[Board "3"]
[White "Ortiz Suarez, Isan Reynaldo"]
[Black "Praggnanandhaa, R"]
[Result "0-1"]
[WhiteTitle "GM"]
[BlackTitle "GM"]
[WhiteElo "2526"]
[BlackElo "2648"]
[WhiteTeam "Cuba"]
[BlackTeam "India 2"]
[WhiteFideId "3507165"]
[BlackFideId "25059530"]
[EventDate "2022.07.29"]

1. e4 e5 2. Nf3 Nc6 3. Bc4 Bc5 4. c3 Nf6 5. d4 exd4 6. e5 d5 7. Bb5 Ne4 8. cxd4
Bb6 9. Nc3 O-O 10. Be3 Bg4 11. Rc1 Ne7 12. h3 Bh5 13. O-O Nf5 14. g4 Nxe3 15.
fxe3 Bg6 16. Bd3 c5 17. Ne2 cxd4 18. exd4 f5 19. exf6 Qxf6 20. Kg2 Qd6 21. Qc2
Rf6 22. g5 Re6 23. Ne5 Rae8 24. Nf4 Rxe5 25. dxe5 Qxe5 26. Rf3 Qxg5+ 27. Kh1 Bf7
28. Rcf1 Ng3+ 29. Rxg3 Qxg3 30. Bxh7+ Kh8 31. Bg6 Re1 32. Rxe1 Qxe1+ 33. Kg2 Bg8
34. Bf5 g5 35. Nd3 Qg1+ 36. Kf3 Qe3+ 37. Kg4 Kg7 38. Qc3+ Bd4 39. Qc7+ Bf7 40.
Qd7 Be5 41. Bg6 Qg3+ 0-1

[Event "Olimpiade 2022 - Open"]
[Site "Chennai"]
[Date "05.08.2022"]
[Round "7.5"]
[Board "4"]
[White "Adhiban, Baskaran"]
[Black "Almeida Quintana, Omar"]
[Result "1/2-1/2"]
[WhiteTitle "GM"]
[BlackTitle "GM"]
[WhiteElo "2598"]
[BlackElo "2523"]
[WhiteTeam "India 2"]
[BlackTeam "Cuba"]
[WhiteFideId "5018471"]
[BlackFideId "3503313"]
[EventDate "2022.07.29"]

1. d4 d6 2. e4 Nf6 3. Nc3 e5 4. Nf3 Nbd7 5. Bc4 Be7 6. O-O O-O 7. a4 c6 8. Re1
h6 9. h3 Re8 10. a5 exd4 11. Nxd4 Ne5 12. Bf1 Bd7 13. Bf4 b5 14. axb6 axb6 15.
Rxa8 Qxa8 16. Bh2 b5 17. f4 b4 18. Nb1 Ng6 19. Nd2 Qa7 20. c3 Bd8 21. Kh1 Bb6
22. f5 Ne5 23. N2f3 bxc3 24. bxc3 Qa3 25. Nxe5 dxe5 26. Qb3 Qxb3 27. Nxb3 h5 28.
Bg3 g5 29. fxg6 fxg6 30. Bc4+ Kg7 31. Bh4 Be6 32. Nd2 Ba5 33. Re3 Bb6 34. Re2
Ba5 35. Re3 Bb6 36. Rf3 Nd7 37. Bxe6 Rxe6 38. Nc4 Bc7 39. Rd3 Nc5 40. Rd1 Kf8
41. Re1 Re8 42. Kh2 Kf7 43. Rf1+ 1/2-1/2

[Event "Olimpiade 2022 - Open"]
[Site "Chennai"]
[Date "05.08.2022"]
[Round "7.6"]
[Board "1"]
[White "Cordova, Emilio"]
[Black "Abdusattorov, Nodirbek"]
[Result "0-1"]
[WhiteTitle "GM"]
[BlackTitle "GM"]
[WhiteElo "2549"]
[BlackElo "2688"]
[WhiteTeam "Peru"]
[BlackTeam "Uzbekistan"]
[WhiteFideId "3801497"]
[BlackFideId "14204118"]
[EventDate "2022.07.29"]

1. Nf3 d5 2. g3 Nc6 3. d4 Bf5 4. c3 e6 5. Bg2 h6 6. Nbd2 Nf6 7. O-O Bd6 8. b3
O-O 9. Bb2 a5 10. a4 Re8 11. e3 Nb8 12. Qe2 Nbd7 13. c4 Bb4 14. Rfd1 c6 15. Ne5
Qb6 16. e4 Bh7 17. exd5 exd5 18. cxd5 Nxd5 19. Ndc4 Qa6 20. Qh5 Re7 21. Rac1
N7f6 22. Qh4 Rae8 23. Bf1 Qa8 24. Bg2 Qd8 25. Bf3 Bf5 26. Kh1 Re6 27. g4 Be4 28.
Qg3 b5 29. Ne3 Nxe3 30. fxe3 Qd5 31. Bg2 Qxb3 32. Ba1 Ba3 33. g5 Bxc1 34. Rxc1
hxg5 35. Qxg5 Bxg2+ 36. Qxg2 Qxe3 37. Rg1 Qe4 0-1

[Event "Olimpiade 2022 - Open"]
[Site "Chennai"]
[Date "05.08.2022"]
[Round "7.6"]
[Board "3"]
[White "Escalante Ramirez, Brian Sebasti"]
[Black "Vakhidov, Jakhongir"]
[Result "0-1"]
[WhiteTitle "IM"]
[BlackTitle "GM"]
[WhiteElo "2496"]
[BlackElo "2564"]
[WhiteTeam "Peru"]
[BlackTeam "Uzbekistan"]
[WhiteFideId "3819566"]
[BlackFideId "14201801"]
[EventDate "2022.07.29"]

1. e4 c5 2. Nf3 d6 3. Nc3 Nf6 4. e5 dxe5 5. Nxe5 a6 6. g3 Qd6 7. Qe2 Nc6 8. Nxc6
Qxc6 9. Rg1 Bg4 10. Bg2 Qd7 11. Qe5 e6 12. b3 O-O-O 13. Na4 Qc7 14. Qxc7+ Kxc7
15. Bb2 Nd5 16. Be5+ Bd6 17. Bxg7 Rhg8 18. Bc3 Nb4 19. Bxb4 cxb4 20. d4 e5 21.
h3 Bh5 22. g4 Bg6 23. O-O-O exd4 24. Rxd4 b5 25. Nb2 Rge8 26. f4 Be5 27. Rxd8
Bxf4+ 28. Kb1 Rxd8 29. Nd3 Bxd3 30. cxd3 Rxd3 31. Be4 Re3 32. Bxh7 Rxh3 33. Rf1
Be5 34. Rxf7+ Kd6 35. Ra7 Kc5 36. Bf5 Rh1+ 37. Kc2 Rh2+ 38. Kd3 Rxa2 39. g5 a5
40. Bd7 Kb6 41. Ra8 a4 42. bxa4 b3 43. Be6 bxa4 44. Ke4 Re2+ 45. Kf5 b2 46. Ba2
Kb5 47. g6 Kb4 48. Ra7 Re1 49. Re7 Ka3 50. Rxe5 Rf1+ 51. Ke6 Kxa2 0-1

[Event "Olimpiade 2022 - Open"]
[Site "Chennai"]
[Date "05.08.2022"]
[Round "7.7"]
[Board "1"]
[White "Shirov, Alexei"]
[Black "Jumabayev, Rinat"]
[Result "1/2-1/2"]
[WhiteTitle "GM"]
[BlackTitle "GM"]
[WhiteElo "2704"]
[BlackElo "2617"]
[WhiteTeam "Spain"]
[BlackTeam "Kazakhstan"]
[WhiteFideId "2209390"]
[BlackFideId "13702661"]
[EventDate "2022.07.29"]

1. e4 e5 2. Nc3 Nf6 3. f4 d5 4. fxe5 Nxe4 5. Qf3 Nc6 6. Bb5 Nxc3 7. dxc3 Qh4+ 8.
g3 Qe4+ 9. Qxe4 dxe4 10. Bxc6+ bxc6 11. Ne2 c5 12. Rf1 Be7 13. c4 f5 14. exf6
Bxf6 15. Nc3 Bxc3+ 16. bxc3 Be6 17. Be3 Bxc4 18. Rf5 O-O-O 19. Rxc5 Ba6 20. Bf4
Rd7 21. Ra5 Bb7 22. Rxa7 Re8 23. Rb1 Bc6 24. Rb4 e3 25. Rd4 Rf7 26. h4 e2 27.
Ra5 Re6 28. a4 h6 29. h5 Bf3 30. Rb5 Rb6 31. Rxb6 cxb6 32. Be3 Re7 33. Rd3 Bxh5
34. Bxb6 Rf7 35. Rd8+ Kb7 36. Bf2 Bf3 37. Rd6 Rf5 38. c4 Ra5 39. Rd3 Bg4 40. Rd4
h5 41. c5 Kc7 42. Be3 Ra8 43. Bf4+ Kc6 44. Be3 Rf8 45. Rd6+ Kc7 46. Bf2 Rb8 47.
Rb6 Rd8 48. Rd6 Ra8 49. Bd4 Rxa4 50. Bxg7 Rc4 51. Be5 Kc8 52. Rd3 Rxc2 53. Rc3
Rb2 54. Bf4 Rb4 55. Bd2 Rb1+ 56. Bc1 Rb5 57. Bf4 Rb4 58. Bd2 Rd4 59. c6 Rd5 60.
c7 Rd7 1/2-1/2

[Event "Olimpiade 2022 - Open"]
[Site "Chennai"]
[Date "05.08.2022"]
[Round "7.7"]
[Board "2"]
[White "Suleymenov, Alisher"]
[Black "Anton Guijarro, David"]
[Result "1-0"]
[WhiteTitle "IM"]
[BlackTitle "GM"]
[WhiteElo "2467"]
[BlackElo "2667"]
[WhiteTeam "Kazakhstan"]
[BlackTeam "Spain"]
[WhiteFideId "13707833"]
[BlackFideId "2285525"]
[EventDate "2022.07.29"]

1. d4 Nf6 2. c4 e6 3. Nf3 b6 4. a3 Bb7 5. Nc3 d5 6. cxd5 Nxd5 7. Qc2 Nxc3 8.
bxc3 Nd7 9. e4 c5 10. Bf4 cxd4 11. cxd4 Rc8 12. Qb3 h6 13. Bb5 a6 14. Bd3 Be7
15. O-O O-O 16. a4 g5 17. Be3 a5 18. Rad1 Bb4 19. Qb1 Qe7 20. h3 Rfd8 21. Nh2
Bc3 22. Ng4 h5 23. Nh2 Qf6 24. e5 Qg7 25. Be2 f5 26. exf6 Nxf6 27. Qxb6 Bd5 28.
Rc1 Rb8 29. Qa6 Ne4 30. Bf3 Qg6 31. Qd3 Rb3 32. Qd1 Rb4 33. Bxh5 Qg7 34. Nf3 Bb2
35. Ne5 Bxc1 36. Bf7+ Kh7 37. Qxc1 Rf8 38. Bg6+ Kg8 39. Qc2 Qb7 40. Qe2 Nf6 41.
f3 Nd7 42. Nd3 Rxa4 43. Bxg5 Qb6 44. Be3 e5 45. Bh5 exd4 46. Bg5 Nf6 47. Qe5 Bc4
48. Bh6 Nxh5 49. Qg5+ Kh7 50. Bxf8 Qg6 51. Qe7+ Qf7 52. Qe4+ Qg6 53. Qe7+ Qf7
54. Qxf7+ Bxf7 55. Ne5 Kg8 56. Bh6 Ra3 57. Rb1 Rb3 58. Rxb3 Bxb3 59. Nc6 d3 60.
Nxa5 Bd5 61. Kf2 Kh7 62. Bd2 Ng7 63. h4 Nf5 64. h5 Nh4 65. Kg3 Nf5+ 66. Kg4 Ng7
67. Kg5 Ne8 68. Kf4 Bf7 69. Kg5 Bd5 70. Kf5 Bf7 71. h6 Nc7 72. Nc6 Nb5 73. Ne5
Bb3 74. g4 Nd6+ 75. Kf6 Ne8+ 76. Ke7 Nc7 77. g5 Nd5+ 78. Kf8 1-0

[Event "Olimpiade 2022 - Open"]
[Site "Chennai"]
[Date "05.08.2022"]
[Round "7.7"]
[Board "3"]
[White "Santos Latasa, Jaime"]
[Black "Urazayev, Arystanbek"]
[Result "1/2-1/2"]
[WhiteTitle "GM"]
[BlackTitle "IM"]
[WhiteElo "2675"]
[BlackElo "2430"]
[WhiteTeam "Spain"]
[BlackTeam "Kazakhstan"]
[WhiteFideId "2293307"]
[BlackFideId "13709810"]
[EventDate "2022.07.29"]

1. d4 Nf6 2. c4 e6 3. Nf3 d5 4. Nc3 c6 5. e3 Nbd7 6. Qc2 Bd6 7. Be2 O-O 8. O-O
dxc4 9. Bxc4 a6 10. Rd1 Qe7 11. e4 e5 12. Be3 exd4 13. Bxd4 Ne5 14. Nxe5 Bxe5
15. f3 Bxd4+ 16. Rxd4 b5 17. Bf1 c5 18. Nd5 Nxd5 19. Rxd5 c4 20. Rad1 Be6 21.
Rd6 Rfd8 22. Qd2 Rxd6 23. Qxd6 Qa7+ 24. Qd4 Kf8 25. Kf2 Ke7 26. Qxa7+ Rxa7 27.
Ke3 Rc7 28. Rc1 Kd6 29. Kd4 Rd7 30. a3 Kc6+ 31. Ke3 Kc5 32. f4 f6 33. b4+ Kb6
34. Be2 a5 35. Rd1 Rxd1 36. Bxd1 axb4 37. axb4 Kc6 38. Kd4 Kd6 39. h4 h6 40. g3
Bd7 41. Be2 Bc6 42. Bh5 Bd7 43. Bf3 Be8 44. Bd1 Bc6 45. Bc2 Bd7 46. Bd1 Be8 47.
Ke3 Bf7 48. Be2 Be8 49. Bf3 Bd7 50. Kd4 Be8 51. Bg4 Bc6 52. Be2 Be8 53. Bf3 Bd7
54. Be2 1/2-1/2

[Event "Olimpiade 2022 - Open"]
[Site "Chennai"]
[Date "05.08.2022"]
[Round "7.7"]
[Board "4"]
[White "Nogerbek, Kazybek"]
[Black "Iturrizaga Bonelli, Eduardo"]
[Result "1/2-1/2"]
[WhiteTitle "FM"]
[BlackTitle "GM"]
[WhiteElo "2437"]
[BlackElo "2619"]
[WhiteTeam "Kazakhstan"]
[BlackTeam "Spain"]
[WhiteFideId "13710427"]
[BlackFideId "3901211"]
[EventDate "2022.07.29"]

1. d4 Nf6 2. c4 e6 3. Nc3 Bb4 4. Qc2 d5 5. a3 Bxc3+ 6. Qxc3 O-O 7. Nf3 dxc4 8.
Qxc4 b6 9. Bg5 Ba6 10. Qa4 h6 11. Bxf6 Qxf6 12. g3 Bb7 13. Bg2 Rd8 14. O-O Nd7
15. Ne5 Bxg2 16. Nxd7 Rxd7 17. Qxd7 Bxf1 18. Rxf1 Rd8 19. Qxc7 Qxd4 20. e3 Qd2
21. Qxa7 Qxb2 22. a4 g6 23. a5 bxa5 24. Qxa5 Rd2 25. Qa8+ Kg7 26. Qf3 h5 27. h4
Qf6 28. Qxf6+ Kxf6 29. Kg2 Ra2 30. Rb1 Rc2 31. Ra1 1/2-1/2

[Event "Olimpiade 2022 - Open"]
[Site "Chennai"]
[Date "05.08.2022"]
[Round "7.8"]
[Board "1"]
[White "Mamedyarov, Shakhriyar"]
[Black "Boruchovsky, Avital"]
[Result "1/2-1/2"]
[WhiteTitle "GM"]
[BlackTitle "GM"]
[WhiteElo "2759"]
[BlackElo "2551"]
[WhiteTeam "Azerbaijan"]
[BlackTeam "Israel"]
[WhiteFideId "13401319"]
[BlackFideId "2800055"]
[EventDate "2022.07.29"]

1. d4 d5 2. c4 e6 3. Nc3 c5 4. cxd5 cxd4 5. Qa4+ Bd7 6. Qxd4 exd5 7. Qxd5 Nf6 8.
Qd1 Bc5 9. e3 O-O 10. Nf3 Qe7 11. Be2 Rd8 12. O-O Nc6 13. a3 Rac8 14. Qc2 Bd6
15. Rd1 Ne5 16. Nd4 Neg4 17. g3 Rc5 18. e4 Rh5 19. Bxg4 Nxg4 20. Nd5 Qe8 21. h4
Rc8 22. Qe2 Re5 23. f3 Ba4 24. Bf4 Bxd1 25. Rxd1 Rxd5 26. exd5 Bxf4 27. gxf4
Qe3+ 28. Qxe3 Nxe3 29. Rd2 Nxd5 30. Nf5 g6 1/2-1/2

[Event "Olimpiade 2022 - Open"]
[Site "Chennai"]
[Date "05.08.2022"]
[Round "7.8"]
[Board "2"]
[White "Smirin, Ilia"]
[Black "Guseinov, Gadir"]
[Result "0-1"]
[WhiteTitle "GM"]
[BlackTitle "GM"]
[WhiteElo "2601"]
[BlackElo "2668"]
[WhiteTeam "Israel"]
[BlackTeam "Azerbaijan"]
[WhiteFideId "2801990"]
[BlackFideId "13401378"]
[EventDate "2022.07.29"]

1. e4 c5 2. Nf3 d6 3. d4 cxd4 4. Nxd4 Nf6 5. Nc3 Nc6 6. Bg5 e6 7. Qd2 a6 8.
O-O-O Bd7 9. f3 Nxd4 10. Qxd4 Be7 11. h4 Qc7 12. h5 h6 13. Bh4 b5 14. Qd2 b4 15.
Ne2 a5 16. Kb1 Rb8 17. g4 a4 18. b3 a3 19. Bg3 e5 20. Bh4 Nh7 21. c4 bxc3 22.
Qxc3 Qb6 23. Qd2 Bxh4 24. Rxh4 O-O 25. Nc3 Be6 26. Rh2 Ng5 27. Qxd6 Bxb3 28.
Qxb6 Bxd1 29. Rb2 Rxb6 30. Rxb6 Bxf3 31. Bd3 Bxg4 32. Ra6 Bxh5 33. Rxa3 Bf3 34.
Ra5 f6 35. Nd5 Kh7 36. Ra7 Bxe4 37. Kc2 Bxd3+ 38. Kxd3 Rd8 39. Kc4 f5 40. Re7
Nf3 41. Nf6+ Kg6 42. Ne8 h5 43. Rxg7+ Kh6 44. Re7 h4 45. Re6+ Kg5 0-1

[Event "Olimpiade 2022 - Open"]
[Site "Chennai"]
[Date "05.08.2022"]
[Round "7.8"]
[Board "3"]
[White "Durarbayli, Vasif"]
[Black "Rodshtein, Maxim"]
[Result "1-0"]
[WhiteTitle "GM"]
[BlackTitle "GM"]
[WhiteElo "2638"]
[BlackElo "2596"]
[WhiteTeam "Azerbaijan"]
[BlackTeam "Israel"]
[WhiteFideId "13402935"]
[BlackFideId "2806851"]
[EventDate "2022.07.29"]

1. e4 e5 2. Nf3 Nc6 3. Bb5 Nf6 4. d3 Bc5 5. c3 O-O 6. O-O d5 7. exd5 Qxd5 8. Bc4
Qd8 9. b4 Be7 10. Nbd2 Bf5 11. Qc2 a6 12. a4 Nd5 13. Ne4 Bg4 14. Qa2 Nb6 15. Bb3
Bxf3 16. gxf3 Qd7 17. a5 Nc8 18. Qe2 Nd6 19. Kh1 Nb5 20. Bb2 Rad8 21. Rad1 Kh8
22. Rg1 h6 23. f4 exf4 24. Qh5 1-0

[Event "Olimpiade 2022 - Open"]
[Site "Chennai"]
[Date "05.08.2022"]
[Round "7.9"]
[Board "1"]
[White "Mastrovasilis, Dimitrios"]
[Black "Korobov, Anton"]
[Result "1/2-1/2"]
[WhiteTitle "GM"]
[BlackTitle "GM"]
[WhiteElo "2599"]
[BlackElo "2692"]
[WhiteTeam "Greece"]
[BlackTeam "Ukraine"]
[WhiteFideId "4202694"]
[BlackFideId "14105730"]
[EventDate "2022.07.29"]

1. e4 c5 2. Nf3 d6 3. d4 cxd4 4. Nxd4 Nf6 5. Nc3 a6 6. Be3 Nbd7 7. Be2 e6 8. g4
h6 9. f4 g5 10. f5 Ne5 11. fxe6 fxe6 12. Nf3 Bd7 13. Nxe5 dxe5 14. Qd3 Qc7 15.
h4 Rg8 16. hxg5 hxg5 17. O-O-O O-O-O 18. a3 Bc5 19. Bxc5 Qxc5 20. Qd6 Qxd6 21.
Rxd6 Rdf8 22. Rd3 Bc6 23. Rh6 Kc7 24. Rf3 Nd7 25. Rxe6 Rf4 26. Nd5+ Bxd5 27.
exd5 Rh8 28. d6+ Kd8 29. b4 Rh1+ 30. Kb2 Nb6 31. Rxf4 exf4 32. Bd3 Nd5 33. Be4
Rd1 34. c4 Nb6 35. c5 Re1 36. Bf5 Nc4+ 37. Kc3 Rxe6 38. Bxe6 Nxa3 39. Bd5 Kc8
40. Kd3 Nb5 41. d7+ Kxd7 42. Bxb7 Nc7 43. Ke4 Ke6 44. Bc8+ Kf6 45. Bb7 Ke6 46.
Bc6 Kf6 47. Ba4 f3 48. Bd1 f2 49. Be2 Ke6 50. Bc4+ Kf6 51. Bf1 Ke6 52. Kd4 Nd5
53. Bc4 f1=Q 54. Bxf1 Nxb4 55. Bc4+ Kd7 56. Ke5 Kc6 57. Kf5 Kxc5 58. Bb3 Nd3 59.
Kxg5 Nf2 60. Kf5 1/2-1/2

[Event "Olimpiade 2022 - Open"]
[Site "Chennai"]
[Date "05.08.2022"]
[Round "7.9"]
[Board "2"]
[White "Volokitin, Andrei"]
[Black "Theodorou, Nikolas"]
[Result "0-1"]
[WhiteTitle "GM"]
[BlackTitle "GM"]
[WhiteElo "2674"]
[BlackElo "2575"]
[WhiteTeam "Ukraine"]
[BlackTeam "Greece"]
[WhiteFideId "14107090"]
[BlackFideId "4262875"]
[EventDate "2022.07.29"]

1. e4 c5 2. Nf3 Nc6 3. Bb5 e6 4. Bxc6 bxc6 5. d3 Qc7 6. O-O Ne7 7. h4 d6 8. h5
h6 9. Nbd2 g5 10. e5 dxe5 11. Re1 Bg7 12. Nc4 Ba6 13. Nfxe5 Rd8 14. Bd2 Rd5 15.
Ba5 Qb8 16. Bc3 O-O 17. Qg4 Bxc4 18. Nxc4 Bxc3 19. bxc3 Rf5 20. Rab1 Qc7 21. Qg3
Rf4 22. Qe3 Rf5 23. Qg3 Rf4 24. Qe3 Rf5 25. Rb3 Rd8 26. Reb1 Nd5 27. Qd2 Qe7 28.
Ne3 Nxe3 29. Qxe3 Qf6 30. c4 Rd4 31. Rb8+ Kg7 32. g3 Re5 33. Qd2 g4 34. Re1 Rxh5
35. Qe2 Rf4 36. Rf1 Re5 37. Qd2 Rf3 38. Re1 Ref5 39. Re2 Rxg3+ 40. fxg3 Rf1+ 41.
Kh2 Qa1 0-1

[Event "Olimpiade 2022 - Open"]
[Site "Chennai"]
[Date "05.08.2022"]
[Round "7.9"]
[Board "3"]
[White "Banikas, Hristos"]
[Black "Kuzubov, Yuriy"]
[Result "1/2-1/2"]
[WhiteTitle "GM"]
[BlackTitle "GM"]
[WhiteElo "2598"]
[BlackElo "2642"]
[WhiteTeam "Greece"]
[BlackTeam "Ukraine"]
[WhiteFideId "4202031"]
[BlackFideId "14112906"]
[EventDate "2022.07.29"]

1. d4 d5 2. c4 e6 3. Nf3 a6 4. Bg5 Be7 5. Bxe7 Qxe7 6. Nbd2 Nf6 7. g3 O-O 8. Bg2
c5 9. cxd5 Nxd5 10. dxc5 Qxc5 11. Rc1 Qe7 12. Ne5 Nd7 13. Nd3 N5f6 14. O-O e5
15. Qb3 e4 16. Nf4 Re8 17. Rc3 Nc5 18. Qc2 Ne6 19. Nxe4 Nxf4 20. gxf4 Bf5 21.
Nxf6+ Qxf6 22. e4 Bd7 23. f5 Bc6 24. Rd1 Rad8 25. Rxd8 Rxd8 26. Rd3 Rxd3 27.
Qxd3 g6 28. fxg6 hxg6 29. Qd2 Qe5 30. a3 g5 31. f3 a5 32. Bh3 f6 33. Kg2 Kf8 34.
Bf5 Ke7 35. Kh3 Qc5 36. Kg2 Qe5 37. Kh3 Qc5 38. Kg2 Qe5 39. Kh3 Qc5 40. Kg2 1/2-1/2

[Event "Olimpiade 2022 - Open"]
[Site "Chennai"]
[Date "05.08.2022"]
[Round "7.9"]
[Board "4"]
[White "Shevchenko, Kirill"]
[Black "Ioannidis, Evgenios"]
[Result "1-0"]
[WhiteTitle "GM"]
[BlackTitle "IM"]
[WhiteElo "2654"]
[BlackElo "2459"]
[WhiteTeam "Ukraine"]
[BlackTeam "Greece"]
[WhiteFideId "14129574"]
[BlackFideId "4229274"]
[EventDate "2022.07.29"]

1. c4 e6 2. Nc3 d5 3. d4 a6 4. cxd5 exd5 5. Bf4 Nf6 6. e3 Bd6 7. Bg5 Be6 8. Bd3
Nbd7 9. f4 h6 10. Bh4 g5 11. fxg5 Ng4 12. Nf3 Be7 13. Qe2 hxg5 14. Bg3 c5 15.
O-O c4 16. Bxc4 dxc4 17. d5 Nc5 18. dxe6 Nxe6 19. Rad1 Qa5 20. Nd4 Nf6 21. Nxe6
fxe6 22. Qxc4 Qb6 23. Rf3 Qc6 24. Qxc6+ bxc6 25. Rd4 Nd5 26. Rc4 Rc8 27. Na4 c5
28. Be5 Rh5 29. Bg3 Rc6 30. e4 Nb6 31. Nxb6 Rxb6 32. b3 g4 33. Rf4 Rd6 34. Rf1
Rd4 35. e5 Kd7 36. Rf4 Rd1+ 37. Rf1 Rd4 38. Rxd4+ cxd4 39. Rf4 Kc6 40. Bf2 g3
41. hxg3 Rxe5 42. Rxd4 Re2 43. Rc4+ Kb7 44. Ra4 Bd8 45. Kf1 Rc2 46. Rb4+ Ka8 47.
Rc4 1-0

[Event "Olimpiade 2022 - Open"]
[Site "Chennai"]
[Date "05.08.2022"]
[Round "7.10"]
[Board "1"]
[White "Supi, Luis Paulo"]
[Black "Adams, Michael"]
[Result "1/2-1/2"]
[WhiteTitle "GM"]
[BlackTitle "GM"]
[WhiteElo "2603"]
[BlackElo "2696"]
[WhiteTeam "Brazil"]
[BlackTeam "England"]
[WhiteFideId "2106388"]
[BlackFideId "400041"]
[EventDate "2022.07.29"]

1. e4 e5 2. Nf3 Nc6 3. Bc4 Bc5 4. d3 Nf6 5. Bg5 h6 6. Bh4 Be7 7. Bg3 d6 8. a4
O-O 9. h3 Kh8 10. O-O Nh7 11. Nc3 f5 12. exf5 Bxf5 13. Nd5 Nf6 14. Re1 Nxd5 15.
Bxd5 Bf6 16. c3 a5 17. Qd2 Qd7 18. Rac1 Rae8 19. b4 b6 20. b5 Ne7 21. Be4 Bxe4
22. Rxe4 Nf5 23. Bh2 Re7 24. Rce1 Qe8 25. Qa2 Qf7 26. Qxf7 Rexf7 27. Rc4 Kh7 28.
Re2 Bd8 29. Rce4 Bf6 30. Rc4 Bd8 31. Rce4 Bf6 32. Rc4 1/2-1/2

[Event "Olimpiade 2022 - Open"]
[Site "Chennai"]
[Date "05.08.2022"]
[Round "7.10"]
[Board "2"]
[White "McShane, Luke J"]
[Black "Fier, Alexandr"]
[Result "0-1"]
[WhiteTitle "GM"]
[BlackTitle "GM"]
[WhiteElo "2649"]
[BlackElo "2567"]
[WhiteTeam "England"]
[BlackTeam "Brazil"]
[WhiteFideId "404853"]
[BlackFideId "2107139"]
[EventDate "2022.07.29"]

1. e4 c5 2. Nf3 Nc6 3. Bb5 g6 4. Bxc6 bxc6 5. d4 Bg7 6. dxc5 Qa5+ 7. Nbd2 Qxc5
8. O-O Nf6 9. Re1 Ng4 10. Qe2 Qxc2 11. e5 h5 12. h3 Nh6 13. Nd4 Qa4 14. Qe4 Rb8
15. Ne6 Qxe4 16. Nxg7+ Kf8 17. Ne6+ dxe6 18. Nxe4 Nf5 19. b3 Rb5 20. Ba3 Rd5 21.
Rac1 Ra5 22. Bc5 Rxa2 23. g4 hxg4 24. hxg4 Nh4 25. Re3 g5 26. Rd1 Ng6 27. Nxg5
Kg7 28. Rf3 Nxe5 29. Bd4 f6 30. Bxe5 fxe5 31. Ne4 Re2 32. Ng3 Rc2 33. Re1 Rh4
34. Rxe5 Rxg4 35. Kh2 Rh4+ 36. Kg1 Rc1+ 37. Kg2 Rg4 38. Rfe3 c5 39. Kh3 Rg6 40.
Re1 Rxe1 41. Rxe1 Rh6+ 42. Kg2 Rh4 43. Ne4 Rxe4 44. Rxe4 Bb7 45. Kf3 Kf7 46. Kf4
Bxe4 47. Kxe4 Ke8 48. Ke5 Kd7 49. f3 a6 50. f4 a5 0-1